000 00288nam a2200133 i 4500
001 bg
100 1 _aWAJNRYB, R.
245 0 _aGrammar Dictation /
_cR. Wajnryb.
260 _aOxford,
_c1990.
040 _cBPK
041 _apol
942 _cKS
008 s pl f |000 0 pol
999 _c5411
_d5411
856 _uhttp://koha.tu.koszalin.pl/cgi-bin/koha/opac-detail.pl?biblionumber=5411
_yKatalog online BPK